<The> employment consequences of technological advance, demand and labor costs in 16 German industries.

Pokles zamestnanosti v západonemeckom spracovateľskom priemysle ako dôsledok technického pokroku, poklesu dopytu a vzrastu nákladov na pracovné sily. Hodnotenie relatívneho významu týchto faktorov pre zamestnanosť v 16 priemyselných odvetviach SRN - pokles dopytu ako dominantný faktor, technický pok...

Descrizione completa

Salvato in:
Dettagli Bibliografici
Autore principale: Zimmermann, K.F
Natura: Capitolo di libro
Lingua:inglese
Soggetti:
Tags: Aggiungi Tag
Nessun Tag, puoi essere il primo ad aggiungerne!!

MARC

LEADER 00000naa a2200000 4500
001 r005305
005 20221130103037.4
041 0 |a eng 
044 |a DE 
245 1 0 |a <The> employment consequences of technological advance, demand and labor costs in 16 German industries.  |c K.F. Zimmermann 
520 |a Pokles zamestnanosti v západonemeckom spracovateľskom priemysle ako dôsledok technického pokroku, poklesu dopytu a vzrastu nákladov na pracovné sily. Hodnotenie relatívneho významu týchto faktorov pre zamestnanosť v 16 priemyselných odvetviach SRN - pokles dopytu ako dominantný faktor, technický pokrok ako dôležitý faktor, náklady na pracovnú silu v žiadnom prípade nie sú rozhodujúci faktor. 
610 2 0 |a pokrok technický 
610 2 0 |a dopyt 
610 2 0 |a náklady 
610 2 0 |a sily pracovné 
610 2 0 |a modely ekonometrické 
610 2 0 |a zamestnanosť 
610 2 0 |a Nemecko 
610 2 0 |a priemysel 
100 1 |a Zimmermann, K.F.